Essentials of english grammar
Salvato in:
| Autore principale: | |
|---|---|
| Natura: | Libro |
| Lingua: | inglese |
| Pubblicazione: |
Londres
George Allen & Unwin
1933
|
| Soggetti: | |
| Tags: |
Aggiungi Tag
Nessun Tag, puoi essere il primo ad aggiungerne!!
|
MARC
| LEADER | 00000nam a2200000 a 4500 | ||
|---|---|---|---|
| 001 | UCT3079 | ||
| 003 | CL-VaPUC | ||
| 008 | 961018e19330000UK |||||||||||||||||eng|d | ||
| 082 | 0 | 4 | |a 425 |b JES |2 21 |
| 100 | |a Jespersen, Otto |e author |9 520418 | ||
| 245 | 1 | 0 | |a Essentials of english grammar |
| 300 | |a 387 p | ||
| 942 | |c BK | ||
| 945 | |d 19961018 00:00:00 |a cmena | ||
| 260 | |a Londres |b George Allen & Unwin |c 1933 | ||
| 650 | 0 | |a Inglés |9 260023 | |
| 650 | 7 | |a LENGUAS GERMANICAS |2 CL-VaPUC |9 354027 | |
| 650 | 0 | |a Gramática |9 270497 | |
| 650 | 0 | |a Sintaxis |9 318843 | |
| 650 | 0 | |a Morfología |9 334440 | |
| 650 | 0 | |a Lingüística |9 265068 | |
| 650 | 7 | |a LINGUISTICA DESCRIPTIVA |2 CL-VaPUC |9 372066 | |
| 583 | |a last modification |c 19961018 00:00:00 |k Rodrigo Vera | ||
| 999 | |c 252900 |d 252898 | ||
| 952 | |0 0 |1 0 |4 0 |6 425_000000000000000_JES_1933 |7 0 |8 X |9 273074 |a BIBCUR |b BIBCUR |d 2019-11-19 |i 177154K |o 425 JES 1933 |p 177154K |r 2025-04-22 |w 2019-11-19 |y BK_X |k BCB | ||